[Event "AUTO-ADV-2109"]
[Site "http://www.queenalice.com/game.php?id=917810"]
[Date "2011.3.26"]
[Round "1"]
[White "JOTA_CALAMAR"]
[Black "Guilherme_Ottoni"]
[Result "1/2-1/2"]
[WhiteElo "1727"]
[BlackElo "1993"]

1. e4 e6 2. Nf3 d5 3. Nc3 c5 4. Bb5+ Bd7 5. exd5 Bxb5 6. Nxb5 a6 7. Nc3 exd5 8.
Qe2+ Be7 9. d3 Nf6 10. Bg5 O-O 11. Bxf6 Bxf6 12. O-O Bxc3 13. bxc3 Re8 14. Qd2
Nc6 15. Rae1 Qd7 16. Rxe8+ Rxe8 17. Re1 Rxe1+ 18. Qxe1 Qe7 19. Qxe7 Nxe7 20. Ne5
b5 21. f4 f6 22. Nd7 c4 23. dxc4 dxc4 24. Nc5 Nd5 25. Nxa6 Nxf4 26. Kf2 Nd5 27.
Nb4 Nxc3 28. Ke3 Nd1+ 29. Kd4 Kf7 1/2-1/2

[Event "AUTO-ADV-2109"]
[Site "http://www.queenalice.com/game.php?id=917811"]
[Date "2011.3.26"]
[Round "1"]
[White "Guilherme_Ottoni"]
[Black "JOTA_CALAMAR"]
[Result "1-0"]
[WhiteElo "1995"]
[BlackElo "1732"]

1. e4 e5 2. Nf3 Nc6 3. Bb5 d6 4. d4 exd4 5. Qxd4 Bd7 6. Bxc6 Bxc6 7. Nc3 Nf6 8.
Bg5 Be7 9. O-O-O h6 10. Bh4 b6 11. Rhe1 g5 12. Bg3 Qd7 13. Nd5 Bxd5 14. exd5
O-O-O 15. h3 Nh5 16. Bh2 Bf6 17. Qd3 Qa4 18. Kb1 Rhe8 19. g4 Nf4 20. Bxf4 Qxf4
21. c3 Rxe1 22. Rxe1 Kb7 23. Re4 1-0

[Event "Challenge"]
[Site "http://www.queenalice.com/game.php?id=922669"]
[Date "2011.4.6"]
[Round "-"]
[White "constantin"]
[Black "JOTA_CALAMAR"]
[Result "1-0"]
[WhiteElo "1690"]
[BlackElo "1711"]

1. e4 e5 2. Nf3 Nc6 3. c3 Nf6 4. d3 Bc5 5. h3 O-O 6. Bg5 h6 7. Bh4 b6 8. d4 exd4
9. cxd4 Bb4+ 10. Nc3 g5 11. Bg3 Nxe4 12. Qc2 Bxc3+ 13. bxc3 Qe7 14. Be2 Nxg3 15.
fxg3 Ba6 16. d5 Bxe2 17. Qxe2 Qxe2+ 18. Kxe2 Rfe8+ 19. Kf2 Ne7 20. c4 Nf5 21.
Rhe1 Rxe1 22. Rxe1 c5 23. dxc6 dxc6 24. Ne5 Nd4 25. Rd1 c5 26. Nf3 Nxf3 27. gxf3
Re8 28. Rd7 a5 29. Rb7 Re6 30. Rd7 Kg7 31. g4 b5 32. cxb5 Rb6 33. a4 Kf6 34. Ke3
Ke6 35. Rd8 f5 36. gxf5+ Kxf5 37. Rc8 Re6+ 38. Kf2 Kf4 39. Rxc5 Re5 40. Rc6 Rd5
41. Rf6+ Ke5 42. Rxh6 Rd2+ 43. Ke3 Ra2 44. Rh5 Ra3+ 45. Kf2 Kf4 46. b6 Rxa4 47.
h4 Kf5 48. Rxg5+ Ke6 49. b7 Rb4 50. Rxa5 Rxb7 51. Rg5 Kf6 52. Kg3 Re7 53. Kg4
1-0

[Event "QA-ANNIV-06"]
[Site "http://www.queenalice.com/game.php?id=924341"]
[Date "2011.4.10"]
[Round "4"]
[White "aknightout"]
[Black "JOTA_CALAMAR"]
[Result "1/2-1/2"]
[WhiteElo "1914"]
[BlackElo "1724"]

1. e4 e5 2. Nf3 Nc6 3. d4 exd4 4. Nxd4 Nxd4 5. Qxd4 d6 6. Nc3 Nf6 7. Bc4 Qe7 8.
O-O Be6 9. Bg5 h6 10. Bd2 O-O-O 11. Rad1 Bxc4 12. Qxc4 a6 13. Be3 Qe6 14. Qxe6+
fxe6 15. f4 g6 16. Rf3 Bg7 17. Rg3 g5 18. fxg5 hxg5 19. Bxg5 Rdf8 20. Rf3 Ng4
21. h4 Rxf3 22. gxf3 Bxc3 23. bxc3 Ne5 24. f4 Nf3+ 25. Kf2 Nxh4 26. Bf6 Rh6 27.
e5 d5 28. Bg5 Rh8 29. Bf6 Rh6 30. Bg5 Rh8 31. Bf6 Rh6 1/2-1/2

[Event "AUTO-OPEN-2367"]
[Site "http://www.queenalice.com/game.php?id=940641"]
[Date "2011.5.21"]
[Round "1"]
[White "JOTA_CALAMAR"]
[Black "amarkin"]
[Result "0-1"]
[WhiteElo "1713"]
[BlackElo "2510"]

1. e4 c5 2. Nf3 d6 3. Bb5+ Bd7 4. Bxd7+ Qxd7 5. d3 Nc6 6. Bd2 g6 7. O-O Bg7 8.
Bc3 Nf6 9. h3 O-O 10. Bxf6 Bxf6 11. c3 Ne5 12. Nxe5 dxe5 13. Nd2 Qxd3 14. Nb3
Qxe4 15. Nxc5 Qc6 16. Nd7 Rfd8 17. Nxf6+ exf6 18. Qf3 Qxf3 19. gxf3 Rd2 20. Rfd1
Rxb2 21. Rd7 Rc8 22. Rd3 Rc2 23. a4 R8xc3 24. Rad1 Rxd3 25. Rxd3 Ra2 26. Rd7
Rxa4 27. Rxb7 Kg7 28. Kg2 a5 29. Rb5 Ra1 30. Kg3 g5 31. Kg4 h5+ 32. Kxh5 Ra4 0-1

[Event "AUTO-OPEN-2367"]
[Site "http://www.queenalice.com/game.php?id=940660"]
[Date "2011.5.21"]
[Round "1"]
[White "torab"]
[Black "JOTA_CALAMAR"]
[Result "1-0"]
[WhiteElo "1733"]
[BlackElo "1729"]

1. e4 e5 2. a3 Nf6 3. Nc3 a6 4. Bc4 c6 5. Nf3 d6 6. Ng5 Be6 7. Bxe6 fxe6 8. Nxe6
Qe7 9. Nxf8 Kxf8 10. d4 exd4 11. Qxd4 h6 12. Bf4 c5 13. Qe3 Nc6 14. Rd1 Rd8 15.
O-O g5 16. Bg3 Rd7 17. b4 cxb4 18. axb4 Nxb4 19. Rd2 Ng4 20. Qf3+ Nf6 21. Rfd1
g4 22. Qf4 d5 23. exd5 Qf7 24. Qxb4+ 1-0

[Event "AUTO-OPEN-2367"]
[Site "http://www.queenalice.com/game.php?id=940661"]
[Date "2011.5.21"]
[Round "1"]
[White "JOTA_CALAMAR"]
[Black "torab"]
[Result "1/2-1/2"]
[WhiteElo "1708"]
[BlackElo "1831"]

1. e4 e5 2. Nf3 d6 3. Nc3 a6 4. g3 h6 5. Bg2 Nf6 6. d3 Bg4 7. O-O Nc6 8. Nd5 Nd4
9. Ne3 Nxf3+ 10. Bxf3 Bxf3 11. Qxf3 b5 12. b3 c6 13. c4 bxc4 14. Nxc4 d5 15.
Nxe5 dxe4 16. dxe4 Qd4 17. Bb2 Qxb2 18. Nxc6 Qc2 19. e5 Nd7 20. Nd4 Qc8 21. Rac1
Bc5 22. b4 Nxe5 23. Qe4 O-O 24. Qxe5 Bxd4 25. Qxd4 Qb7 26. a3 h5 27. Rfe1 Rfd8
28. Qe5 g6 29. Rcd1 Rxd1 30. Rxd1 Qf3 31. Qd5 Qxd5 32. Rxd5 Kg7 33. a4 Kf6 34.
f4 Ke6 35. Re5+ Kd6 36. a5 Rb8 37. Re4 Kd5 38. Re5+ Kd4 39. b5 axb5 40. a6 Ra8
41. Rxb5 Rxa6 42. Rb4+ Kc3 43. Re4 Kd3 44. Re5 Re6 45. Rxe6 fxe6 46. Kf2 Ke4 47.
h4 1/2-1/2

[Event "AUTO-OPEN-2367"]
[Site "http://www.queenalice.com/game.php?id=940670"]
[Date "2011.5.21"]
[Round "1"]
[White "rlarin"]
[Black "JOTA_CALAMAR"]
[Result "0-1"]
[WhiteElo "1801"]
[BlackElo "1752"]

1. e4 e5 2. Nf3 Nc6 3. Bc4 d6 4. d3 a6 5. Ng5 Be6 6. Bxe6 fxe6 7. Nxe6 Qe7 8.
Ng5 Nf6 9. Nc3 h6 10. Nf3 O-O-O 11. O-O d5 12. Qe1 Nd4 13. Nxd4 exd4 14. e5 dxc3
15. exf6 Qxf6 16. Qxc3 Qxc3 17. bxc3 g5 18. c4 dxc4 19. dxc4 Bg7 20. Rb1 Rd4 21.
Bb2 Rd7 22. Bxg7 Rxg7 23. Rfe1 Rd8 24. Rb3 Rd2 25. Rc3 Rgd7 26. g3 Rd1 27. Re3
Rxe1+ 28. Rxe1 Rd2 29. Re8+ Rd8 30. Rxd8+ Kxd8 31. f3 Ke7 0-1

[Event "AUTO-OPEN-2367"]
[Site "http://www.queenalice.com/game.php?id=940671"]
[Date "2011.5.21"]
[Round "1"]
[White "JOTA_CALAMAR"]
[Black "rlarin"]
[Result "1-0"]
[WhiteElo "1770"]
[BlackElo "1783"]

1. e4 e5 2. Nf3 d6 3. Nc3 Nc6 4. Bb5 Ne7 5. h3 a6 6. Bxc6+ Nxc6 7. O-O Be7 8. d3
O-O 9. Nd5 h6 10. c4 Nd4 11. Nxd4 exd4 12. Qf3 c6 13. Nxe7+ Qxe7 14. b3 c5 15.
a3 b5 16. cxb5 axb5 17. Bd2 Bb7 18. Rfe1 f5 19. Re2 fxe4 20. Qg3 Rf6 21. Rf1
Rxa3 22. dxe4 c4 23. Rb1 Bxe4 24. f3 d3 25. Rxe4 Qa7+ 26. Qf2 Qc7 27. Bc3 Rf7
28. Re8+ 1-0

[Event "QA-ANNIV-07"]
[Site "http://www.queenalice.com/game.php?id=950664"]
[Date "2011.6.16"]
[Round "1"]
[White "JOTA_CALAMAR"]
[Black "tolley"]
[Result "1-0"]
[WhiteElo "1713"]
[BlackElo "1973"]

1. e4 d5 2. exd5 Qxd5 3. Nc3 Qa5 4. d3 Nf6 5. Bd2 e5 6. Ne4 Qb6 7. b3 Nxe4 8.
dxe4 Bc5 9. Qe2 Qd6 10. h3 Nc6 11. Nf3 Nd4 12. Nxd4 Bxd4 13. Rd1 Qc6 14. c3 Bxc3
15. Bxc3 Qxc3+ 16. Qd2 Qxd2+ 17. Rxd2 Bd7 18. Bc4 Be6 19. Bxe6 fxe6 20. O-O O-O
21. f3 Rad8 22. Rfd1 Rxd2 23. Rxd2 g6 24. Rd7 Rf7 25. Rd8+ Kg7 26. Re8 Kf6 27.
g4 Rd7 28. h4 h6 29. Rf8+ Ke7 30. Rh8 Rd1+ 31. Kf2 Rd2+ 32. Kg3 Rxa2 33. Rxh6
Rb2 34. Rxg6 Rxb3 35. h5 Rb1 36. Kg2 Kf7 37. g5 Rb2+ 38. Kg3 Rb1 39. Kg2 Rb2+
40. Kg3 Rb1 41. Rf6+ Ke7 42. Kg2 Rb2+ 43. Kg3 Rb1 44. Kg2 1-0

[Event "Play Chess!"]
[Site "http://www.queenalice.com/game.php?id=963220"]
[Date "2011.7.22"]
[Round "-"]
[White "josealexandreschultz"]
[Black "JOTA_CALAMAR"]
[Result "1-0"]
[WhiteElo "1799"]
[BlackElo "1791"]

1. d4 d5 2. e3 Nc6 3. Nf3 Bg4 4. Be2 e6 5. O-O Nf6 6. c4 dxc4 7. Nc3 a6 8. Bxc4
Bb4 9. a3 Bxc3 10. bxc3 O-O 11. h3 Bh5 12. Be2 Ne4 13. Bd2 h6 14. Ne1 Qh4 15.
Bxh5 Nxd2 16. Bxf7+ Rxf7 17. Qxd2 Raf8 18. f3 b5 19. Qf2 Qxf2+ 20. Rxf2 e5 21.
Raa2 exd4 22. cxd4 g5 23. Nd3 Re7 24. Rae2 Na5 25. Nc1 Nc4 26. e4 Nxa3 27. Nb3
Nc4 28. Nc5 a5 29. Rf1 a4 30. d5 Re5 31. Nd7 Rff5 32. Nxe5 Nxe5 33. Rc2 Rf7 34.
Rfc1 Nd3 35. Rb1 1-0

[Event "Let's Play Chess!"]
[Site "http://www.queenalice.com/game.php?id=963233"]
[Date "2011.7.22"]
[Round "-"]
[White "JOTA_CALAMAR"]
[Black "josealexandreschultz"]
[Result "1/2-1/2"]
[WhiteElo "1788"]
[BlackElo "1815"]

1. e4 e5 2. Nf3 d6 3. Bb5+ Nc6 4. Bxc6+ bxc6 5. Nc3 Nf6 6. O-O Be7 7. d3 O-O 8.
Bg5 Ne8 9. Bxe7 Qxe7 10. a4 Nf6 11. b3 Bd7 12. h3 c5 13. Nd5 Nxd5 14. exd5 c6
15. dxc6 Bxc6 16. c4 Bxf3 17. Qxf3 Rab8 18. Rab1 Kh8 19. Rfe1 f6 20. Qd5 Qc7 21.
g4 Qd7 22. f3 Rbd8 23. Qe4 Rf7 24. b4 cxb4 25. Rxb4 g6 26. Rf1 f5 27. Qd5 fxg4
28. fxg4 Rxf1+ 29. Kxf1 h5 30. Rb7 Rf8+ 31. Ke2 Qxa4 32. Rf7 Qc2+ 33. Ke3 Qc1+
34. Ke2 Qc2+ 35. Ke3 Qc1+ 36. Ke2 Qc2+ 1/2-1/2

[Event "Challenge"]
[Site "http://www.queenalice.com/game.php?id=964830"]
[Date "2011.7.26"]
[Round "-"]
[White "JOTA_CALAMAR"]
[Black "FC"]
[Result "1-0"]
[WhiteElo "1785"]
[BlackElo "1527"]

1. e4 e5 2. Nf3 d6 3. Nc3 Nf6 4. g3 Bg4 5. Bg2 Be7 6. O-O O-O 7. d3 Nc6 8. Bg5
Nb4 9. Bxf6 Bxf6 10. a3 Nc6 11. Nd5 Nd4 12. c3 Nxf3+ 13. Bxf3 Bxf3 14. Qxf3 Bg5
15. d4 c6 16. Ne3 d5 17. Nf5 Qf6 18. dxe5 Qxe5 19. exd5 cxd5 20. Rae1 Qf6 21.
Ne7+ Kh8 22. Qxf6 Bxf6 23. Nxd5 Bg5 24. h4 Bd2 25. Rd1 Bh6 26. Nc7 Rac8 27. Nd5
Rcd8 28. Ne7 Rxd1 29. Rxd1 Re8 30. Nf5 b5 31. Rd7 Kg8 32. Rxa7 Re1+ 33. Kg2 Re8
34. Nxh6+ gxh6 35. Ra5 Re5 36. c4 f6 37. cxb5 Kg7 38. b4 1-0

[Event "QA-ANNIV-06"]
[Site "http://www.queenalice.com/game.php?id=966967"]
[Date "2011.7.31"]
[Round "5"]
[White "JOTA_CALAMAR"]
[Black "kookaburra"]
[Result "0-1"]
[WhiteElo "1741"]
[BlackElo "2216"]

1. e4 c5 2. Nf3 Nc6 3. c3 e5 4. Bb5 d6 5. h3 Nf6 6. d3 Be7 7. O-O O-O 8. Bxc6
bxc6 9. d4 cxd4 10. cxd4 Qc7 11. dxe5 dxe5 12. Nc3 Rd8 13. Qe2 a5 14. Bg5 Ba6
15. Qe3 Bxf1 16. Rxf1 Rab8 0-1

[Event "Challenge"]
[Site "http://www.queenalice.com/game.php?id=968795"]
[Date "2011.8.4"]
[Round "-"]
[White "constantin"]
[Black "JOTA_CALAMAR"]
[Result "0-1"]
[WhiteElo "1782"]
[BlackElo "1789"]

1. e4 e5 2. f4 d5 3. f5 dxe4 4. Qg4 Nf6 5. Qg3 Nc6 6. Bb5 Bd7 7. Bxc6 Bxc6 8.
Qxe5+ Qe7 9. Qxe7+ Bxe7 10. Ne2 O-O 11. a3 e3 12. dxe3 Bxg2 13. Rg1 Be4 14. Rf1
Bxc2 15. Nbc3 Bd3 16. b4 Rad8 17. Nd4 Bxf1 18. Kxf1 c5 19. bxc5 Bxc5 20. Nce2 h6
21. Bb2 Rfe8 22. Nb5 Rxe3 23. Bxf6 gxf6 24. Nbc3 Bd4 25. Rd1 Rf3+ 26. Kg2 Rf2+
27. Kg3 Rxe2 28. Rc1 Re3+ 29. Kg4 Rxc3 30. Rxc3 Bxc3 31. h4 b5 32. a4 bxa4 0-1